Largest cities that contain "ville in their name - Statistics

General Stats
  • This quiz has been taken 14 times
  • The average score is 11 of 39
Answer Stats
Hint Answer % Correct
692,154 Nashville
92%
1,003,029 Jacksonville
77%
73,459 Jacksonville
77%
619,286 Louisville
77%
246,673 Huntsville
54%
50,013 Huntsville
54%
201,092 Knoxville
54%
210,035 Fayetteville
46%
103,881 Fayetteville
46%
114,392 Evansville
38%
192,349 Brownsville
31%
146,771 Gainesville
31%
90,910 Greenville
31%
73,254 Greenville
31%
78,300 Lakeville
31%
150,150 Naperville
31%
96,283 Asheville
23%
173,445 Clarksville
23%
80,122 Somerville
23%
139,223 Victorville
23%
60,632 Bentonville
15%
65,392 Burnsville
15%
64,102 Hendersonville
15%
65,933 Janesville
15%
52,288 Jeffersonville
15%
73,420 Marysville
15%
73,773 Noblesville
15%
67,641 Rockville
15%
161,402 Roseville
15%
52,392 Summerville
15%
50,423 Watsonville
15%
51,505 Collierville
8%
139,204 Lewisville
8%
55,118 Mooresville
8%
64,899 Pflugerville
8%
62,829 Porterville
8%
65,724 Huntersville
0%
56,224 Taylorsville
0%
50,155 Titusville
0%
No matching quizzes found
Score Distribution
Percent of People with Each Score
Percentile by Number Answered
Your Score History
You have not taken this quiz